Les plus grande villes traverse par le Mississippi - Statistiques

Statistiques générales
  • Ce quiz a été pris 30 fois
  • Le résultat moyen est 5 sur 8
Statistiques - réponses
Population State Villes % Correct
224,149 Louisiane Baton Rouge
93%
651,932 Tennesse Memphis
75%
390,845 Louisiane Nouvelle Orleans
75%
308,174 Missouri Saint Louis
71%
420,324 Minnesota Minneapolis
64%
304,547 Minnesota Saint Paul
46%
198,401 Michigan Grand Rapids
14%
102,169 Iowa Davenport
11%
Aucun quiz correspondant
Distribution des résultats
% des personnes avec chaque résultat
Percentile par nombre de réponses
Votre historique - résultats
Vous n’avez pas pris ce quiz